Atlas de paléontologie des invertèbres

Sparad:
Bibliografiska uppgifter
Huvudupphovsman: R Verniory
Materialtyp: Bok
Språk:Undetermined
Publicerad: Genève Georg Librairie de l'Université 1970
Ämnen:
Taggar: Lägg till en tagg
Inga taggar, Lägg till första taggen!
Thư viện lưu trữ: Trung tâm Học liệu Trường Đại học Cần Thơ
LEADER 00492nam a2200181Ia 4500
001 CTU_26230
008 210402s9999 xx 000 0 und d
082 |a 562 
082 |b V536 
100 |a R Verniory 
245 0 |a Atlas de paléontologie des invertèbres 
245 0 |c R Verniory 
260 |a Genève 
260 |b Georg Librairie de l'Université 
260 |c 1970 
650 |a paleontology 
904 |i Minh, 981012 
980 |a Trung tâm Học liệu Trường Đại học Cần Thơ